000 01094nam0a22002891 4500
001 v19\rc\1710945
005 20061002164703.9
035 _a(NLR Aleph) 004810784
090 _a4926223
_c4926223
100 _a20061002d1899 |||y0rusy50 ca
101 1 _arus
_cger
102 _aRU
105 _ay z |||||
200 1 _aПоловая индивидуальность женщины
_fД-р М. Рунге, орд. проф. акушерства и гинекологии, дир. унив. жен. клиники в Геттингене
_gПер. с послед. нем. изд. д-ра Б.Е. Шехтера
210 _aСанкт-Петербург
_cР.Э. Гинлейн
_d1899
215 _a27 с.
_d19
700 1 _aРунге
_bМ.
_f1849-1909
_gМакс
702 1 _aШехтер
_bБ. Е.
_f1867-
_gБорис Ефимович
_4730
801 0 _aRU
_bNLR
_gpsbo
801 0 _aRU
_bRuMoRGB
_2psbo
801 1 _aRU
_bProSoft-M
_2rusmarc
852 _aNLR
_j20.101.5.355
899 _aRuMoRGB
_jA 266/1044
899 _aRuMoRGB
_jW 525/1332
899 _aБАН
942 _cBOOK
980 _aNB